HEART OF DARKNESS (Record no. 8437)
[ view plain ]
| 000 -LEADER | |
|---|---|
| fixed length control field | 00178 a2200085 4500 |
| 020 ## - INTERNATIONAL STANDARD BOOK NUMBER | |
| International Standard Book Number | 9780582022690 |
| 005 - DATE AND TIME OF LATEST TRANSACTION | |
| control field | 20191017172114.0 |
| 084 ## - OTHER CLASSIFICATION NUMBER | |
| Classification number | NONE |
| 100 ## - MAIN ENTRY--PERSONAL NAME | |
| Personal name | CONRAD JOSEPH |
| 245 ## - TITLE STATEMENT | |
| Title | HEART OF DARKNESS |
| Medium | Text |
No items available.